[Event "GER-chT U14 Girls"]
[Site "Magdeburg"]
[Date "2015.12.27"]
[Round "1.2"]
[White "Mundt, Alexandra"]
[Black "Boehle, Rebecca"]
[Result "0-1"]
[WhiteElo "973"]
[BlackElo "1472"]
[PlyCount "142"]
[EventDate "2015.12.27"]
[EventType "team-swiss"]
[EventRounds "7"]
[EventCountry "GER"]
[SourceTitle "EXT 2017"]
[Source "ChessBase"]
[SourceDate "2016.10.25"]
[SourceVersion "1"]
[SourceVersionDate "2016.10.25"]
[SourceQuality "1"]
[WhiteTeam "Luebeck"]
[BlackTeam "Muldental Wilkau Hasslau"]
[WhiteTeamCountry "GER"]
[BlackTeamCountry "GER"]

1. e4 e5 2. Nf3 Nc6 3. Bb5 d6 4. d4 Bd7 5. Nc3 f6 6. Be3 a6 7. Bxc6 Bxc6 8. d5 Bd7 9. h3 Ne7 10. Qd3 Ng6 11. 0-0 Be7 12. Rfe1 0-0 13. Ne2 f5 14. exf5 Bxf5 15. Qd2 Qd7 16. Ng3 Bxh3 17. Bg5 Bg4 18. Bxe7 Qxe7 19. Ng5 Nf4 20. N5e4 Qf7 21. Rad1 Bxd1 22. Rxd1 Qg6 23. f3 h5 24. Nf1 h4 25. Nh2 Nh5 26. Ng5 Rf5 27. Ne6 Rc8 28. Kf1 e4 29. Qd4 exf3 30. Nxf3 h3 31. Qg1 hxg2+ 32. Qxg2 Qxg2+ 33. Kxg2 Nf4+ 34. Kg3 Nxe6 35. dxe6 Re8 36. Re1 Re7 37. Kg4 Rf6 38. Ng5 g6 39. a4 Kg7 40. b4 Rf5 41. c4 c5 42. b5 axb5 43. axb5 d5 44. cxd5 Rxd5 45. Kf4 b6 46. Re5 Rd4+ 47. Ke3 Kf6 48. Nf3 Rd6 49. Kf4 Rdxe6 50. Rd5 Re4+ 51. Kg3 Rc7 52. Rd6+ Re6 53. Rd1 c4 54. Rf1 Kg7 55. Rh1 c3 56. Ng5 Ree7 57. Kf4 c2 58. Rc1 Rc4+ 59. Kf3 Kf6 60. Nh3 Rc3+ 61. Kg2 Rd7 62. Nf2 Kf5 63. Kf1 g5 64. Kg1 g4 65. Rf1 c1Q 66. Nh1+ Qxf1+ 67. Kxf1 Rd2 68. Ke1 Ra2 69. Nf2 Rc1+ 70. Nd1 g3 71. Kf1 Rxd1# 0-1

[Event "GER-chT U14 Girls"]
[Site "Regensburg"]
[Date "2014.12.27"]
[Round "1.4"]
[White "Boehle, Rebecca"]
[Black "Shvartsman, Julia"]
[Result "1-0"]
[WhiteElo "1332"]
[BlackElo "1035"]
[PlyCount "115"]
[EventDate "2014.12.27"]
[EventType "team-swiss"]
[EventRounds "7"]
[EventCountry "GER"]
[SourceTitle "EXT 2016"]
[Source "ChessBase"]
[SourceDate "2015.10.08"]
[SourceVersion "1"]
[SourceVersionDate "2015.10.08"]
[SourceQuality "1"]
[WhiteTeam "Wilkau Hasslau Muldental"]
[BlackTeam "Graefelfing"]
[WhiteTeamCountry "GER"]
[BlackTeamCountry "GER"]

1. e4 e5 2. Nf3 Nc6 3. Bc4 d6 4. Nc3 Be7 5. d3 Bg4 6. h3 Be6 7. Bb3 Nf6 8. 0-0 d5 9. Ne2 dxe4 10. dxe4 Qxd1 11. Rxd1 Nxe4 12. Ba4 0-0 13. Bxc6 bxc6 14. Nxe5 Bd5 15. c4 Bxc4 16. Nxc4 Bc5 17. Be3 Bb6 18. Ne5 c5 19. Nd7 Rfe8 20. Nf4 c4 21. Nxb6 axb6 22. Nd5 Rac8 23. Rd4 b5 24. Rad1 h6 25. Nf4 c3 26. bxc3 Nxc3 27. R1d2 c5 28. Rd7 Ne4 29. Rc2 Nf6 30. Rb7 b4 31. Rxc5 Rxc5 32. Bxc5 Re1+ 33. Kh2 Ne4 34. Bxb4 Rb1 35. Nd3 Rd1 36. f3 Ng5 37. Nc5 Rb1 38. a4 Rb2 39. Kg3 Rc2 40. a5 h5 41. h4 Nh7 42. Rb8+ Nf8 43. Nd7 Rc6 44. Nxf8 Kh8 45. Ne6+ Kh7 46. Ng5+ Kg6 47. Rb6 Rf6 48. Rxf6+ gxf6 49. a6 fxg5 50. hxg5 Kxg5 51. a7 h4+ 52. Kh3 f5 53. a8Q Kf4 54. Bd6+ Kg5 55. Qd8+ Kh5 56. Qg8 Kh6 57. Be7 Kh5 58. Qg5# 1-0

[Event "Sachsen-ch U12 Girls"]
[Site "Sebnitz"]
[Date "2013.04.04"]
[Round "4"]
[White "Von Jan, Lena"]
[Black "Boehle, Rebecca"]
[Result "1/2-1/2"]
[WhiteElo "1127"]
[BlackElo "1322"]
[PlyCount "61"]
[EventDate "2013.04.02"]
[EventType "swiss"]
[EventRounds "7"]
[EventCountry "GER"]
[SourceTitle "EXT 2014"]
[Source "ChessBase"]
[SourceDate "2013.11.20"]
[SourceVersion "1"]
[SourceVersionDate "2013.11.20"]
[SourceQuality "1"]

1. e4 e5 2. Nf3 Nc6 3. Bb5 a6 4. Ba4 b5 5. Bb3 Nf6 6. d3 Be7 7. c3 d5 8. 0-0 0-0 9. Re1 Bg4 10. Bg5 dxe4 11. dxe4 h6 12. Bh4 Rb8 13. Qxd8 Rfxd8 14. Nbd2 Rd6 15. h3 Be6 16. Bg3 Nd7 17. Rad1 Bxb3 18. Nxb3 Rd8 19. Rd5 Bf6 20. Red1 Nb6 21. Rxd6 cxd6 22. Bh4 Bxh4 23. Nxh4 g6 24. Nf3 Nd4 25. Rb1 d5 26. Nc5 dxe4 27. Nxe4 Kg7 28. Nc5 a5 29. Re1 Re8 30. b3 Nc6 31. Nd2 1/2-1/2

[Event "Sachsen-ch U12 Girls"]
[Site "Sebnitz"]
[Date "2012.04.11"]
[Round "3"]
[White "Boehle, Rebecca"]
[Black "Halas, Julia"]
[Result "0-1"]
[WhiteElo "1095"]
[BlackElo "1613"]
[PlyCount "90"]
[EventDate "2012.04.10"]
[EventType "swiss"]
[EventRounds "7"]
[EventCountry "GER"]
[SourceTitle "CBM 148 Extra"]
[Source "ChessBase"]
[SourceDate "2012.06.22"]
[SourceVersion "1"]
[SourceVersionDate "2012.06.22"]
[SourceQuality "1"]

1. e4 e5 2. Nf3 Nf6 3. Nxe5 d6 4. Nf3 Nxe4 5. d4 d5 6. Bd3 Nf6 7. c4 c6 8. Nc3 Be7 9. h3 0-0 10. 0-0 dxc4 11. Bxc4 b5 12. Bd3 a6 13. Be3 Nbd7 14. Ne2 c5 15. Qd2 Bb7 16. Ng3 cxd4 17. Nxd4 Nc5 18. Bc2 Nce4 19. Nxe4 Bxe4 20. Rac1 Bxc2 21. Qxc2 Bd6 22. Nf5 Be5 23. Rfd1 Qb8 24. g3 Qb7 25. Nh4 Rac8 26. Bc5 Rfe8 27. Qb3 Rc6 28. Nf5 Qc8 29. Be3 Rxc1 30. Rxc1 Qxf5 31. Kh2 h5 32. f4 Bb8 33. Rc5 Qe4 34. h4 Qxe3 35. Qxe3 Rxe3 36. Rc8+ Re8 37. Rc2 Ng4+ 38. Kh3 Ba7 39. b4 Re3 40. Rd2 Rf3 41. Rd8+ Kh7 42. Rd5 Kh6 43. Rd6+ g6 44. Rxa6 Rf2 45. Rxa7 Rh2# 0-1

[Event "Sachsen-ch U10 Girls"]
[Site "Sebnitz"]
[Date "2011.04.27"]
[Round "3"]
[White "Boehle, Rebecca"]
[Black "Hertzschuch, Anna"]
[Result "1-0"]
[WhiteElo "1012"]
[BlackElo "838"]
[PlyCount "64"]
[EventDate "2011.04.26"]
[EventType "swiss"]
[EventRounds "7"]
[EventCountry "GER"]
[SourceTitle "EXT 2012"]
[Source "ChessBase"]
[SourceDate "2011.11.24"]
[SourceVersion "1"]
[SourceVersionDate "2011.11.24"]
[SourceQuality "1"]

1. e4 c5 2. Nf3 e6 3. Bc4 Nf6 4. Nc3 Nc6 5. d3 Be7 6. 0-0 0-0 7. Bf4 e5 8. Nxe5 Nxe5 9. Bxe5 d6 10. Bf4 Be6 11. b3 d5 12. exd5 Bxd5 13. Nxd5 Nxd5 14. Bd2 a6 15. a4 Bg5 16. Be1 Nf6 17. b4 b6 18. Qf3 a5 19. bxa5 bxa5 20. Qg3 Nd5 21. Qf3 f6 22. Bxd5+ Kh8 23. Bxa8 Qxa8 24. Qxa8 Rxa8 25. Bc3 h6 26. Rab1 Kh7 27. Rb5 Rc8 28. Bxa5 c4 29. dxc4 Rxc4 30. Bb4 Rxc2 31. Ra1 Rb2 32. a5 Rd2 1-0